Sounds of Zambezi: (Record no. 121880)
[ view plain ]
| 000 -LEADER | |
|---|---|
| fixed length control field | 00404nam a22001337a 4500 |
| 005 - DATE AND TIME OF LATEST TRANSACTION | |
| control field | 20150205110526.0 |
| 008 - FIXED-LENGTH DATA ELEMENTS--GENERAL INFORMATION | |
| fixed length control field | 150123b xxu||||| |||| 00| 0 eng d |
| 050 ## - LIBRARY OF CONGRESS CALL NUMBER | |
| Classification number | PR9390.9M3 |
| Item number | S6 |
| 100 ## - MAIN ENTRY--PERSONAL NAME | |
| Personal name | Madhombiro, Kenndy H. |
| 9 (RLIN) | 14594 |
| 245 ## - TITLE STATEMENT | |
| Title | Sounds of Zambezi: |
| Statement of responsibility, etc | Madhombiro, Kenndy H. |
| Remainder of title | poetry compilation |
| 260 ## - PUBLICATION, DISTRIBUTION, ETC. (IMPRINT) | |
| Place of publication, distribution, etc | Gloucestershire |
| Name of publisher, distributor, etc | Diaspora |
| Date of publication, distribution, etc | 2013 |
| 300 ## - PHYSICAL DESCRIPTION | |
| Extent | 115p.; |
| Dimensions | 21cm. |
| 942 ## - ADDED ENTRY ELEMENTS (KOHA) | |
| Source of classification or shelving scheme | Library of Congress Classification |
| Item type | Monograph ( Printed materials) |
| Withdrawn status | Lost status | Source of classification or shelving scheme | Damaged status | Not for loan | Collection code | Home library | Current library | Shelving location | Date acquired | Total Checkouts | Full call number | Barcode | Date last seen | Date last borrowed | Price effective from | Koha item type |
|---|---|---|---|---|---|---|---|---|---|---|---|---|---|---|---|---|
| Library of Congress Classification | Main Collection | ARRUPE LIBRARY | ARRUPE LIBRARY | Main Collection | 23/01/2015 | 1 | PR9390.9M3 S6 | 46500001147 | 17/02/2023 | 18/08/2022 | 23/01/2015 | Monograph ( Printed materials) |